| 000 | 00000nam 2200000zi 4500 |
| 001 | 9.943756 |
| 003 | CaOODSP |
| 005 | 20250123083950 |
| 006 | m o d f |
| 007 | cr cn||||||||| |
| 008 | 241003e20240808qucd ob f000 0 eng d |
| 020 | |a9780660738901 |q(report) |
| 020 | |a9780660738918 |q(summary) |
| 040 | |aCaOODSP|beng|erda|cCaOODSP |
| 043 | |an-cn--- |
| 086 | 1 |aCH7-62/2024E-PDF |
| 086 | 1 |aCH7-62/2024-1E-PDF |
| 245 | 00|aEvaluation of the Canada Music Fund, 2018-19 to 2022-23. |
| 264 | 1|a[Gatineau, Quebec] : |bCanadian Heritage = Patrimoine canadien, |cAugust 8, 2024. |
| 264 | 4|c©2024 |
| 300 | |a1 online resource (ii, vi, 38 pages) : |bcolour charts + |esummary (2 unnumbered pages) |
| 336 | |atext|btxt|2rdacontent |
| 337 | |acomputer|bc|2rdamedia |
| 338 | |aonline resource|bcr|2rdacarrier |
| 500 | |aIssued also in French under title: Évaluation du Fonds de la musique du Canada, 2018-2019 à 2022-2023. |
| 504 | |aIncludes bibliographical references (page 38). |
| 610 | 20|aCanada Music Fund|xEvaluation. |
| 650 | 0|aGovernment aid to music|zCanada|xEvaluation. |
| 710 | 1 |aCanada. |bCanadian Heritage. |bEvaluation Services, |eissuing body. |
| 775 | 08|tÉvaluation du Fonds de la musique du Canada, 2018-2019 à 2022-2023. |w(CaOODSP)9.943762 |
| 795 | |tEvaluation of the Canada Music Fund, 2012-13 to 2017-18.|w(CaOODSP)9.878397 |
| 856 | 40|qPDF|s931 KB|uhttps://publications.gc.ca/collections/collection_2025/pch/CH7-62-2024-eng.pdf|zReport |
| 856 | 40|qPDF|s2.10 MB|uhttps://publications.gc.ca/collections/collection_2025/pch/CH7-62-2024-1-eng.pdf|zSummary |
| 856 | 4 |qHTML|sN/A|uhttps://www.canada.ca/en/canadian-heritage/corporate/publications/evaluations/canada-music-fund-2018-2023.html|zReport |
| 856 | 4 |qHTML|sN/A|uhttps://www.canada.ca/en/canadian-heritage/corporate/publications/evaluations/canada-music-fund-2018-2023/summary.html|zSummary |